000 00623nam a22002057a 4500
003 UA-OsUOA
001 36424
007 ta
008 20060920b un ||||| |||| 00| 0 ukr d
090 _a050.8
942 _cBR
040 _aUA-OsUOA
_bukr
_cUA-OsUOA
_dUA-OsUOA
245 _a2004 Каталог Осінь
955 _a4
041 _aukr
080 _a050.8
260 _aЛьвів
_b"Свічадо"
_c2004
650 7 _a050 Серійні публікації. Періодика галузі, Організація та інші типи поєднання (співробітництва)
_2UDC
999 _c434954
_d434954